Is the European Union an Environmental Leader in World Trade?

V kontexte environmentálnej udržateľnosti a ekologických výziev je Európska únia (EÚ) často identifikovaná ako environmentálny líder na medzinárodnej scéne. Environmentálne politiky a opatrenia EÚ presadzuje práve v oblasti obchodu s nečlenskými krajinami. Cieľom tohto dokumentu je určiť, či možno E...

Descripción completa

Guardado en:
Detalles Bibliográficos
Autor principal: Smolková, Sára, 1998-
Formato: Capítulo de libro
Lenguaje:inglés
Materias:
Etiquetas: Agregar Etiqueta
Sin Etiquetas, Sea el primero en etiquetar este registro!

MARC

LEADER 00000naa$a2200000$$$4500
001 0298663
005 20240502074530.5
041 0 |a eng 
044 |a SK 
245 1 0 |a Is the European Union an Environmental Leader in World Trade?  |c Sára Smolková 
520 |a V kontexte environmentálnej udržateľnosti a ekologických výziev je Európska únia (EÚ) často identifikovaná ako environmentálny líder na medzinárodnej scéne. Environmentálne politiky a opatrenia EÚ presadzuje práve v oblasti obchodu s nečlenskými krajinami. Cieľom tohto dokumentu je určiť, či možno EÚ považovať za environmentálneho lídra vo svetovom obchode na základe stanovených kritérií. Na dosiahnutie tohto cieľa boli navrhnuté kvantitatívne a kvalitatívne kritériá pokrývajúce viaceré ukazovatele zahraničného obchodu s environmentálnymi tovarmi. Pozícia EÚ podľa každého kritéria bola hodnotená v porovnaní s 9 obchodnými svetovými mocnosťami. Zistili sme, že EÚ má vo väčšine týchto kritérií lepšie postavenie ako iné obchodné mocnosti. Prínosom príspevku je prehľad súčasného stavu a vývoja svetového obchodu s environmentálnymi tovarmi a zhodnotenie postavenia EÚ v tejto oblasti, ktorý môže byť použitý ako podkladový materiál pri formovaní obchodnej a environmentálnej politiky a stratégií. 
610 2 0 |a udržateľnosť 
610 2 0 |a prostredie životné 
610 2 0 |a obchod svetový 
610 2 0 |a Európska únia 
100 1 |a Smolková, Sára, 1998-